Cuadernos pensar en público : diálogos con Freire para una pedagogía universitaria /
Reflexión sobre las perspectivas pedagógicas de la universidad y de sus integrantes; surge en el Instituto Pensar, de la Universidad Javeriana de Bogotá, Colombia, en que se plantean el redimensionamiento de la vida democrática, basado en la comunicación entre pares y en la inclusión como dimensión...
Kaydedildi:
| Yazar: | |
|---|---|
| Materyal Türü: | Kitap |
| Dil: | İspanyolca |
| Baskı/Yayın Bilgisi: |
Bogotá, Colombia :
Pontificia Universidad Javeriana, Instituto de Estudios Sociales y Culturales Pensar,
2007, c2007
|
| Seri Bilgileri: | (Cuadernos Pensar en Público ;
4) |
| Konular: | |
| Etiketler: |
Etiket eklenmemiş, İlk siz ekleyin!
|
MARC
| LEADER | 00000nam^a2200000^a^4500 | ||
|---|---|---|---|
| 001 | 000624383 | ||
| 005 | 20251112000000.0 | ||
| 009 | 20260310133955.639 | ||
| 020 | |a 978-958-683-919-8 | ||
| 025 | |a Donación Efrén Lepe, 1 ejemplar | ||
| 037 | |a Acervo Xavier Clavigero | ||
| 041 | |a ESP | ||
| 082 | |a 378. 001 |b CUA V. 4 | ||
| 100 | |a Parra de Marroquín, Omayra |e (edición) | ||
| 240 | 1 | 1 | |a [Cuadernos pensar en público] |
| 245 | 1 | 0 | |a Cuadernos pensar en público : |b diálogos con Freire para una pedagogía universitaria / |c Ed. de O. Parra de Marroquín. |
| 264 | 4 | |a Bogotá, Colombia : |b Pontificia Universidad Javeriana, Instituto de Estudios Sociales y Culturales Pensar, |c 2007, c2007 | |
| 300 | |a 129 p. | ||
| 336 | |a texto |b txt |2 rdacontenido | ||
| 337 | |a sin mediación |b n |2 rdamedio | ||
| 338 | |a volumen |b nc |2 rdasoporte | ||
| 440 | 1 | |a (Cuadernos Pensar en Público ; |v 4) | |
| 520 | |a Reflexión sobre las perspectivas pedagógicas de la universidad y de sus integrantes; surge en el Instituto Pensar, de la Universidad Javeriana de Bogotá, Colombia, en que se plantean el redimensionamiento de la vida democrática, basado en la comunicación entre pares y en la inclusión como dimensión ética, de la mano de Arantxa Ugartetxea Arrieta, discípula y experta en el pensamiento de Paulo Freire. | ||
| 649 | |a XX | ||
| 650 | |a Alumnos - |z Colombia - |x Condiciones Sociales y Culturales | ||
| 650 | |a Profesores Colombianos - |x Condiciones Sociales y Culturales | ||
| 650 | |a Universidad Javeriana - |z Bogotá, Colombia | ||
| 650 | |a Universidades Católicas - |z Colombia | ||
| 650 | |a Democracia - |z Colombia | ||
| 650 | |a Inclusión Educativa | ||
| 650 | |a Educación Superior - |x Filosofía - |x Tema Principal | ||
| 650 | |a Educación - |x Teoría | ||
| 650 | |a Freire, Paulo | ||
| 910 | |a Fondo General | ||
| 920 | |a Impresos - Libros | ||
| 930 | |a Colección General | ||
| 905 | |a 101 | ||
| 901 | |a 624383-10 |b IT1 |c ACC |i D |u 20251112 | ||
| 902 | |a https://opac.biblio.iteso.mx/vufind/Record/000624383 | ||